Music Quiz

Random Music Quiz

Less Than Jake - TV EP Quiz Stats

 Plays Quiz not verified by Sporcle

Score 0/16 Timer 04:00
0 Plays Today
Track Name Show/Product % Correct
Channel 3Animaniacs
81.8%
Channel 1iCarly
80%
Channel 8Scooby Doo
76.4%
Channel 10SpongeBob Squarepants
70.9%
Channel 2Hungry Hungry Hippos
63.6%
Channel 4Big Mac
63.6%
Channel 7Pac-Man Cereal
63.6%
Channel 6Malcolm in the Middle
60%
Track Name Show/Product % Correct
Channel 11That '70s Show
60%
Channel 5Diff'rent Strokes
56.4%
Channel 15Laverne & Shirley
54.5%
Channel 13Married... With Children
50.9%
Channel 16FreeCreditReport.com
49.1%
Channel 9Kit Kat
47.3%
Channel 14Toys 'R' Us
45.5%
Channel 12Oscar Mayer
38.2%

You're not logged in!

Compare scores with friends on all Sporcle quizzes.
OR
Log In

Show Comments

Extras

Top Quizzes Today


Score Distribution

Your Account Isn't Verified!

In order to create a playlist on Sporcle, you need to verify the email address you used during registration. Go to your Sporcle Settings to finish the process.

Report this User

Report this user for behavior that violates our Community Guidelines.

Details: